[Event "Sao Jose dos Pinhais U2200"]
[Site "Sao Jose dos Pinhais"]
[Date "2019.05.25"]
[Round "3"]
[White "Ferrero, Carlos E"]
[Black "Calcado, Acyr Rogerio"]
[Result "0-1"]
[WhiteElo "1911"]
[BlackElo "2155"]
[PlyCount "74"]
[EventDate "2019.05.24"]
[EventType "swiss"]
[EventRounds "7"]
[EventCountry "BRA"]
[SourceTitle "EXT 2020"]
[Source "ChessBase"]
[SourceDate "2019.10.17"]
[SourceVersion "1"]
[SourceVersionDate "2019.10.17"]
[SourceQuality "1"]

1. Nf3 Nf6 2. d4 d5 3. Bf4 c5 4. c3 Qb6 5. Qc1 Nc6 6. e3 Bf5 7. Nbd2 Rc8 8. dxc5 Qxc5 9. Nb3 Qb6 10. Nbd4 Nxd4 11. Nxd4 Bd7 12. Be2 e6 13. 0-0 Bd6 14. Bxd6 Qxd6 15. Bb5 0-0 16. Qd1 e5 17. Bxd7 Qxd7 18. Nf3 Rfe8 19. Re1 Qf5 20. Qe2 a6 21. Rad1 b5 22. a3 h6 23. h3 Kh8 24. g4 Qe6 25. Nh4 g6 26. f3 h5 27. Qg2 hxg4 28. hxg4 e4 29. Qh2 Kg7 30. g5 Nd7 31. f4 Qg4+ 32. Kf2 Rh8 33. Rh1 Nc5 34. Qg3 Nd3+ 35. Kg2 Qe2+ 36. Kh3 Nf2+ 37. Kg2 Qg4 0-1

[Event "Brazil Foz do Iguacu op"]
[Site "Foz do Iguacu"]
[Date "2018.05.16"]
[Round "2"]
[White "Franco, Jefferson Gregorio"]
[Black "Ferrero, Carlos E"]
[Result "0-1"]
[WhiteElo "1665"]
[BlackElo "1901"]
[PlyCount "64"]
[EventDate "2018.05.16"]
[EventType "swiss"]
[EventRounds "9"]
[EventCountry "BRA"]
[SourceTitle "CBM 184 Extra"]
[Source "ChessBase"]
[SourceDate "2018.06.28"]
[SourceVersion "1"]
[SourceVersionDate "2018.06.28"]
[SourceQuality "1"]

1. e4 e5 2. Nf3 Nf6 3. Nxe5 d6 4. Nf3 Nxe4 5. Nc3 Nf6 6. Be2 Be7 7. d4 0-0 8. 0-0 Re8 9. Re1 Bg4 10. h3 Bh5 11. Bf4 Nbd7 12. Qd2 Nb6 13. Rad1 c6 14. a3 d5 15. Ne5 Bg6 16. Nxg6 hxg6 17. Qd3 Nc4 18. Bc1 Qb6 19. b4 a5 20. Na4 Qb5 21. Nc3 Qb6 22. Na4 Qc7 23. Qb3 axb4 24. axb4 Bd6 25. Nc5 b6 26. Na4 Re7 27. Bf3 Rae8 28. Rxe7 Qxe7 29. g3 Bxb4 30. Bg5 b5 31. Nb2 Bd2 32. Bxf6 Qxf6 0-1

[Event "Curitiba Sul Region-ch"]
[Site "Curitiba"]
[Date "2017.04.15"]
[Round "4"]
[White "Ferrero, Carlos E"]
[Black "Chemin, Vitorio"]
[Result "0-1"]
[WhiteElo "1921"]
[BlackElo "2127"]
[PlyCount "100"]
[EventDate "2017.04.14"]
[EventType "swiss"]
[EventRounds "6"]
[EventCountry "BRA"]
[SourceTitle "CBM 178 Extra"]
[Source "ChessBase"]
[SourceDate "2017.06.22"]
[SourceVersion "1"]
[SourceVersionDate "2017.06.22"]
[SourceQuality "1"]

1. e4 e5 2. Nf3 d6 3. d4 Nf6 4. Nc3 Nbd7 5. Bg5 Be7 6. Qd2 c6 7. h3 0-0 8. Be2 b5 9. a3 a5 10. d5 cxd5 11. Bxf6 Nxf6 12. exd5 Ba6 13. Nxb5 Ne4 14. Qe3 f5 15. a4 Qd7 16. 0-0 Nc5 17. b3 f4 18. Qd2 Bd8 19. Bc4 h6 20. Rfe1 Bb6 21. Qc3 Bxb5 22. Bxb5 Qf5 23. Nd2 e4 24. Nc4 Bc7 25. Bc6 Ra7 26. f3 exf3 27. Qxf3 Qxc2 28. Re7 Bb6 29. Re2 Qxb3 30. Nxb6 Qxb6 31. Kh2 Qd8 32. Rae1 Qg5 33. Re8 Raf7 34. R1e2 h5 35. Kh1 h4 36. Rxf8+ Rxf8 37. Re8 Rxe8 38. Bxe8 Qe5 39. Bb5 Ne4 40. Kh2 Nd2 41. Qe2 Qxe2 42. Bxe2 Kf7 43. Kg1 Kf6 44. Bg4 Ke5 45. Be6 Nc4 46. Kf2 Nb6 47. Kf3 Nxa4 48. Kg4 Nc5 49. Bg8 a4 50. Bh7 Ne4 0-1

[Event "Florianopolis op 3rd"]
[Site "Florianopolis"]
[Date "2017.01.25"]
[Round "8"]
[White "Guerrero, Alvaro"]
[Black "Ferrero, Carlos E"]
[Result "1-0"]
[WhiteElo "2112"]
[BlackElo "1930"]
[PlyCount "103"]
[EventDate "2017.01.20"]
[EventType "swiss"]
[EventRounds "10"]
[EventCountry "BRA"]
[SourceTitle "CBM 176 Extra"]
[Source "ChessBase"]
[SourceDate "2017.03.02"]
[SourceVersion "1"]
[SourceVersionDate "2017.03.02"]
[SourceQuality "1"]

1. d4 Nf6 2. c4 c5 3. d5 b5 4. f3 d6 5. cxb5 g6 6. e4 Bg7 7. Ne2 a6 8. Nec3 0-0 9. Be2 axb5 10. Nxb5 Ba6 11. N1c3 Ne8 12. a4 Nc7 13. Be3 Nd7 14. 0-0 Nb6 15. Qd2 Qd7 16. Nxc7 Qxc7 17. Nb5 Qd7 18. Qc2 Rab8 19. Nc3 Bxe2 20. Nxe2 Qb7 21. Rab1 Nd7 22. b3 Rfc8 23. Rfc1 Qa6 24. f4 Rb4 25. Bd2 Rbb8 26. Qc4 Qa8 27. a5 f5 28. exf5 gxf5 29. Rd1 Nf6 30. Ng3 Qxd5 31. Nxf5 Qxc4 32. bxc4 Bf8 33. Rb6 Ne4 34. Be1 Rxb6 35. axb6 Rb8 36. Ba5 e6 37. Ng3 Nxg3 38. hxg3 Kf7 39. g4 Ke7 40. Kf2 Bg7 41. Kf3 Bd4 42. Rh1 d5 43. Rxh7+ Kd6 44. cxd5 Kxd5 45. g5 Kc6 46. b7 Rxb7 47. Rxb7 Kxb7 48. Bd8 Kc6 49. Bf6 e5 50. Bxe5 Bxe5 51. fxe5 Kd5 52. g3 1-0

[Event "Florianopolis op 3rd"]
[Site "Florianopolis"]
[Date "2017.01.21"]
[Round "3"]
[White "Ferrero, Carlos E"]
[Black "Ibanez, Jorge Dias Llivi"]
[Result "1-0"]
[WhiteElo "1930"]
[BlackElo "1710"]
[PlyCount "69"]
[EventDate "2017.01.20"]
[EventType "swiss"]
[EventRounds "10"]
[EventCountry "BRA"]
[SourceTitle "CBM 176 Extra"]
[Source "ChessBase"]
[SourceDate "2017.03.02"]
[SourceVersion "1"]
[SourceVersionDate "2017.03.02"]
[SourceQuality "1"]

1. e4 e5 2. Nf3 Nc6 3. Bb5 d6 4. d4 exd4 5. Qxd4 Bd7 6. Bxc6 Bxc6 7. Nc3 Nf6 8. Bg5 Be7 9. 0-0-0 h6 10. Bh4 Qd7 11. e5 Bxf3 12. gxf3 dxe5 13. Qxe5 Qe6 14. Qxc7 Rc8 15. Qxb7 0-0 16. Rhe1 Qc4 17. Qxe7 Qxh4 18. Nd5 Qg5+ 19. f4 Qf5 20. Nxf6+ gxf6 21. Qe4 Qxe4 22. Rxe4 Rc5 23. Rg1+ Kh7 24. c4 a5 25. Kc2 Rh5 26. Rg2 Rg8 27. Rxg8 Kxg8 28. Kd3 Rxh2 29. c5 Rh1 30. c6 Rd1+ 31. Kc4 Kf8 32. Kc5 Rc1+ 33. Kb6 Rc2 34. b3 f5 35. Rc4 1-0

[Event "Florianopolis op 2nd"]
[Site "Florianopolis"]
[Date "2016.01.17"]
[Round "3"]
[White "Ferrero, Carlos E"]
[Black "Do Prado, Hamilton Mesquita"]
[Result "1-0"]
[WhiteElo "1944"]
[BlackElo "1673"]
[PlyCount "125"]
[EventDate "2016.01.16"]
[EventType "swiss"]
[EventRounds "10"]
[EventCountry "BRA"]
[SourceTitle "CBM 170 Extra"]
[Source "ChessBase"]
[SourceDate "2016.02.25"]
[SourceVersion "1"]
[SourceVersionDate "2016.02.25"]
[SourceQuality "1"]

1. e4 e5 2. Nf3 Nf6 3. Nxe5 d6 4. Nxf7 Kxf7 5. d4 g6 6. Nc3 c6 7. Bd3 Kg7 8. 0-0 Be7 9. f4 Rf8 10. Kh1 c5 11. e5 dxe5 12. dxe5 Nd5 13. Nxd5 Qxd5 14. Qe2 Bf5 15. Bxf5 Rxf5 16. Be3 Nd7 17. Rad1 Qc6 18. Rd2 Nf8 19. Kg1 Rd8 20. g4 Rxd2 21. Bxd2 Rf7 22. f5 Bh4 23. e6 Nxe6 24. fxe6 Rxf1+ 25. Qxf1 Qxe6 26. Qf3 Be7 27. Bc3+ Kg8 28. b3 b5 29. h3 Qd6 30. Kg2 Qe6 31. Qa8+ Bf8 32. Kf3 a6 33. Qe4 Qf7+ 34. Ke2 Qe7 35. Kf3 Qd7 36. Ke2 Qe7 37. Qxe7 Bxe7 38. Kd3 Kf7 39. Ba5 Bd6 40. c4 b4 41. Ke4 Ke6 42. Bd8 Bf8 43. Bg5 Bd6 44. Bh6 Be7 45. Bg7 Bd6 46. Bb2 Bf8 47. Be5 Bh6 48. Bg3 Bf8 49. Be1 Bd6 50. Bf2 Be7 51. Kf4 Kf6 52. Bh4+ Ke6 53. Bxe7 Kxe7 54. Ke5 h6 55. h4 h5 56. g5 a5 57. Kd5 Kd7 58. Kxc5 Ke6 59. Kd4 Kf5 60. c5 Kg4 61. Ke4 Kxh4 62. Kf4 Kh3 63. c6 1-0

[Event "Florianopolis op 2nd"]
[Site "Florianopolis"]
[Date "2016.01.17"]
[Round "2"]
[White "Menna Barreto, Felipe Kubiaki"]
[Black "Ferrero, Carlos E"]
[Result "1-0"]
[WhiteElo "2247"]
[BlackElo "1944"]
[PlyCount "107"]
[EventDate "2016.01.16"]
[EventType "swiss"]
[EventRounds "10"]
[EventCountry "BRA"]
[SourceTitle "CBM 170 Extra"]
[Source "ChessBase"]
[SourceDate "2016.02.25"]
[SourceVersion "1"]
[SourceVersionDate "2016.02.25"]
[SourceQuality "1"]

1. c4 Nf6 2. Nc3 g6 3. g3 Bg7 4. Bg2 0-0 5. e4 c5 6. Nge2 Nc6 7. d3 d6 8. 0-0 Ne8 9. Be3 Nc7 10. a3 Ne6 11. b4 Ned4 12. Rb1 cxb4 13. axb4 a5 14. b5 Nxe2+ 15. Nxe2 Ne5 16. h3 Nd7 17. f4 e5 18. f5 Nc5 19. Nc3 f6 20. h4 b6 21. Bh3 h6 22. Bg4 g5 23. hxg5 fxg5 24. Bh5 Bb7 25. Rb2 Rf6 26. Rh2 Qf8 27. Bg6 Qe7 28. Kg2 Rd8 29. Rfh1 Rxg6 30. fxg6 Rf8 31. Rf1 Qe6 32. Rxf8+ Bxf8 33. Bxc5 dxc5 34. Rh1 Qxg6 35. Qg4 Qe8 36. Rf1 Bc8 37. Qf3 Bg7 38. Nd5 Qe6 39. Qf5 Qxf5 40. exf5 Bb7 41. Kf3 Bxd5+ 42. cxd5 h5 43. Ke4 Bf6 44. d6 Kf7 45. Kd5 h4 46. gxh4 gxh4 47. Kc6 Bd8 48. Kd7 Bg5 49. Kc8 Bf6 50. d7 a4 51. d8Q Bxd8 52. Kxd8 a3 53. Kc7 h3 54. Kxb6 1-0

[Event "Sao Bento do Sul op 5th"]
[Site "Sao Bento do Sul"]
[Date "2015.09.04"]
[Round "2"]
[White "Ferrero, Carlos E"]
[Black "De Borba, Gabriel"]
[Result "0-1"]
[WhiteElo "1987"]
[BlackElo "1773"]
[PlyCount "74"]
[EventDate "2015.09.04"]
[EventType "swiss"]
[EventRounds "6"]
[EventCountry "BRA"]
[SourceTitle "EXT 2016"]
[Source "ChessBase"]
[SourceDate "2015.10.08"]
[SourceVersion "1"]
[SourceVersionDate "2015.10.08"]
[SourceQuality "1"]

1. Nf3 Nf6 2. c4 g6 3. Nc3 d6 4. d4 Bg7 5. e4 0-0 6. Be2 Nbd7 7. 0-0 Re8 8. Qc2 e5 9. d5 h6 10. Ne1 Rf8 11. Rb1 a5 12. a3 Ne8 13. Bg4 Nb6 14. Bxc8 Qxc8 15. Qe2 f5 16. Be3 Nd7 17. f3 f4 18. Bf2 g5 19. b4 b6 20. Nd3 Ndf6 21. c5 axb4 22. axb4 bxc5 23. bxc5 g4 24. Rfc1 gxf3 25. gxf3 Nh5 26. Nb5 Qh3 27. Be1 Rf6 28. Kh1 Rg6 29. cxd6 cxd6 30. Rc3 Rg3 31. Bd2 Rxf3 32. Qg2 Qxg2+ 33. Kxg2 Rxd3 34. Rb2 Bf6 35. Rc1 Bg5 36. Nc7 Nxc7 37. Rxc7 f3+ 0-1